Langues les plus parlées en Afrique - Statistiques

Statistiques générales
  • Ce quiz a été pris 625 fois
  • Le résultat moyen est 6 sur 20
Statistiques - réponses
Nombre
De
Locuteurs
Langues % Correct
~120 M Français
94%
150 - 300 M Anglais
93%
<150 M Arabe
92%
120 - 150 M Swahili
58%
40 M Lingala
51%
16 M Wolof
41%
25 M Zoulou
36%
50 M Peul
32%
35 M Somali
22%
15 M Bambara
21%
50 M Amharique
18%
50 M Yoruba
17%
30 M Igbo
16%
8 M Xhosa
16%
65 M Haoussa
14%
14 M Kinyarwanda
8%
12 M Kirundi
7%
30 M Oromo
5%
8 M Chleuh
4%
17 M Shona
4%
Aucun quiz correspondant
Distribution des résultats
% des personnes avec chaque résultat
Percentile par nombre de réponses
Votre historique - résultats
Vous n’avez pas pris ce quiz